000 00318nam a2200133 i 4500
001 bg
100 1 _aSobczyk, Kazimierz
_d(1939- ).
245 0 _aO identyfikacji układów /
_cK. Sobczyk.
260 _aWarszawa,
_c1986.
040 _cBPK
041 _apol
942 _cKS
008 s pl f |000 0 pol
999 _c23142
_d23142
856 _uhttp://koha.tu.koszalin.pl/cgi-bin/koha/opac-detail.pl?biblionumber=23142
_yKatalog online BPK